Historia del sindicalismo (Record no. 7626)

MARC details
000 -LEADER
campo de control de longitud fija 00840nam a2200253 i 4500
001 - NÚMERO DE CONTROL
campo de control 7626
003 - IDENTIFICADOR DE NÚMERO DE CONTROL
campo de control ES-MaACL
005 - FECHA Y HORA DE LA ÚLTIMA TRANSACCIÓN
campo de control 20230906145300.0
007 - CAMPO FIJO DE DESCRIPCIÓN FÍSICA--INFORMACIÓN GENERAL
campo de control de longitud fija t|
008 - DATOS DE LONGITUD FIJA--INFORMACIÓN GENERAL
campo de control de longitud fija 910307s1990 sp ||||1| spa d
020 ## - NÚMERO INTERNACIONAL ESTÁNDAR DEL LIBRO
Número Internacional Estándar del Libro 84-7434-646-0
080 ## - NÚMERO DE LA CLASIFICACIÓN DECIMAL UNIVERSAL
Número de la Clasificación Decimal Universal 331.88(09)
100 1# - ENTRADA PRINCIPAL--NOMBRE DE PERSONA
Nombre de persona Webb, Sidney.
9 (RLIN) 116243
245 10 - MENCIÓN DEL TÍTULO
Título Historia del sindicalismo
Resto del título : 1666-1920 /
Mención de responsabilidad, etc. Sidney y Beatrice Webb.
260 ## - PUBLICACIÓN, DISTRIBUCIÓN, ETC.
Lugar de publicación, distribución, etc. Madrid :
Nombre del editor, distribuidor, etc. Ministerio de Trabajo y Seguridad Social,
Fecha de publicación, distribución, etc. D.L. 1990.
300 ## - DESCRIPCIÓN FÍSICA
Extensión 725 p. ;
Dimensiones 23 cm.
490 1# - MENCIÓN DE SERIE
Mención de serie Coleccion clasicos ;
Designación de volumen o secuencia 10
650 14 - PUNTO DE ACCESO ADICIONAL DE MATERIA--TÉRMINO DE MATERIA
Término de materia o nombre geográfico como elemento de entrada Sindicalismo-
Subdivisión geográfica Gran Bretaña-
Subdivisión de forma Historia.
9 (RLIN) 17114
700 1# - ENTRADA AGREGADA--NOMBRE PERSONAL
Nombre de persona Webb, Beatrice.
9 (RLIN) 116235
710 1# - ENTRADA AGREGADA--NOMBRE DE ENTIDAD CORPORATIVA
Nombre de entidad corporativa o nombre de jurisdicción como elemento de entrada España.
Unidad subordinada Ministerio de Trabajo y Seguridad Social.
9 (RLIN) 3936
830 0# - PUNTO DE ACCESO ADICIONAL DE SERIE-TÍTULO UNIFORME
Título uniforme Coleccion clasicos ;
Designación de volumen o secuencia 10
9 (RLIN) 183874
852 ## - LOCALIZACIÓN
Ubicación ES-MaACL
Número de control de estantería L-14882
Sublocalización o colección R.119046
Nota libre . - rust.
Holdings
Estatus retirado Estado de pérdida Estado de daño No para préstamo Biblioteca de origen Biblioteca actual Ubicación en estantería Fecha de adquisición Fuente de adquisición Total de préstamos Signatura topográfica completa Código de barras Visto por última vez Precio de reemplazo Tipo de ítem Koha
        Biblioteca del Ateneo de Madrid Biblioteca del Ateneo de Madrid Depósito 2 17/01/2008     L-14882 1007780 23/02/2023 23/02/2023 Libro impreso